[Event "It (open)"]
[Site "masterchessopen.com – Guernsey"]
[Date "2006.10.20"]
[Round "6"]
[White "Westerkamp Bert (NED)"]
[Black "Wismayer Clive R (ENG)"]
[Result "1-0"]
[WhiteElo "2081"]
[BlackElo "2124"]

1.Nf3 d5 2.d4 c6 3.c4 Nf6 4.Nc3 dxc4 5.a4 Na6 6.e3 Bg4 7.Bxc4 e6 8.O-O Be7
9.Qe2 Nb4 10.Rd1 O-O 11.e4 Bxf3 12.gxf3 Qc7 13.Kh1 Rfd8 14.Be3 Rac8 15.Rg1 Nh5
16.Rg4 g6 17.f4 Bf6 18.f5 exf5 19.exf5 Nd5 20.fxg6 hxg6 21.Nxd5 cxd5 22.Bd3
Kg7 23.Bf5 Ra8 24.Rc1 Rh8 25.Rxc7 {#r} 1-0

[Event "Ch Austria"]
[Site "masterchessopen.com – Tweng (Austria)"]
[Round "3"]
[White "Pachta Paul (AUT)"]
[Black "Fahrner Kurt (AUT)"]
[Result "1-0"]
[WhiteElo "2288"]
[BlackElo "2286"]

1.d4 d5 2.c4 c6 3.Nf3 Nf6 4.Nc3 dxc4 5.a4 Na6 6.e4 Bg4 7.Bxc4 Bxf3 8.gxf3 e6
9.O-O Be7 10.Kh1 O-O 11.Rg1 Kh8 12.Bf4 Nc7 13.Qb3 b6 14.Rad1 Qd7 15.Be5 Rad8
16.Rg2 Nh5 17.Rdg1 Bf6 18.Bxf6 Nxf6 19.Rxg7 Qxd4 20.Ne2 Qd2 21.f4 Rg8 22.Qg3
h5 23.Qg5 Ng4 24.Rxg4 Qd1+ 25.Kg2 {#r} 1-0

[Event "It (open)"]
[Site "masterchessopen.com – Tarragona (Spain)"]
[Date "2007.08.20"]
[Round "3"]
[White "Gladyszev Oleg (RUS)"]
[Black "Khaidorov Viacheslav (ESP)"]
[Result "1-0"]
[WhiteElo "2472"]
[BlackElo "2145"]

1.d4 d5 2.c4 c6 3.Nf3 Nf6 4.Nc3 dxc4 5.a4 Na6 6.e4 Bg4 7.Bxc4 Bxf3 8.gxf3 e6
9.Be3 Nb4 10.a5 Be7 11.Qb3 O-O 12.Ra4 b5 13.axb6 axb6 14.Rxa8 Qxa8 15.O-O Rd8
16.Rc1 Qa5 17.e5 Nfd5 18.Nxd5 Nxd5 19.Bxd5 cxd5 20.Rc7 Bb4 21.Qc2 Qa6 22.Kg2
Ba5 23.Bg5 Rb8 24.Rc6 h6 25.Be7 Qb5 26.b4 Bxb4 27.Rc8+ Rxc8 28.Qxc8+ Kh7
29.Qc2+ g6 30.Qb3 {#r} 1-0

[Event "It (cat.2)"]
[Site "masterchessopen.com – Anapa (Russia)"]
[Round "8"]
[White "Kalenik Roman (UKR)"]
[Black "Nyudleev Dolgan (RUS)"]
[Result "0-1"]
[WhiteElo "2295"]
[BlackElo "2346"]

1.d4 d5 2.c4 c6 3.Nf3 Nf6 4.Nc3 dxc4 5.a4 Na6 6.Ne5 Ng4 7.Nxc4 e5 8.Nxe5 Nxe5
9.dxe5 Qxd1+ 10.Nxd1 Nb4 11.Ne3 Be6 12.g3 Bc5 13.Bd2 a5 14.Rc1 Bd4 15.Bc3 Bxe3
16.fxe3 Na2 17.Ra1 Nxc3 18.bxc3 Bd5 {#R} 0-1

[Event "Ch NATO"]
[Site "masterchessopen.com – Ankara (Turkey)"]
[Round "5"]
[White "Skindzier Saturnin (POL)"]
[Black "Drabke Lorenz (GER)"]
[Result "0-1"]
[WhiteElo "2203"]
[BlackElo "2411"]

1.d4 d5 2.Nf3 Nf6 3.c4 c6 4.Nc3 dxc4 5.a4 Na6 6.Ne5 Ng4 7.Nxc4 e5 8.Nxe5 Nxe5
9.dxe5 Qxd1+ 10.Nxd1 Nb4 11.Ne3 Be6 12.g3 a5 13.Bg2 Bc5 14.Be4 Rd8 15.O-O Bd4
16.Nf5 Bxe5 17.Bg5 Rd7 18.Rfd1 g6 19.Ne3 Bxb2 20.Rxd7 Kxd7 21.Rd1+ Kc8 22.Ng2
Be5 23.Be3 Rd8 24.Rc1 Bb3 25.Bb6 Bc7 26.Bxc7 Kxc7 27.Ne3 Bxa4 28.Kg2 Bb3
29.Kf3 a4 {#R} 0-1

[Event "It (open)"]
[Site "masterchessopen.com – Lausanne (Switzerland)"]
[Date "2007.09.14"]
[Round "1"]
[White "Kappeler Kaspar (SUI)"]
[Black "Buffat Pierre-Andr (SUI)"]
[Result "1-0"]
[WhiteElo "2166"]
[BlackElo "1820"]

1.d4 d5 2.c4 c6 3.Nc3 Nf6 4.Nf3 dxc4 5.a4 Na6 6.e3 Bg4 7.Bxc4 e6 8.O-O Nb4
9.h3 Bh5 10.Qe2 Be7 11.Rd1 O-O 12.Bb3 Qc7 13.e4 Rac8 14.Bg5 Rfd8 15.Rac1 Qb8
16.g4 Bg6 17.Bh4 b6 18.e5 Nfd5 19.Nxd5 Bxh4 20.Nxb4 {#r} 1-0

[Event "It (open)"]
[Site "masterchessopen.com – Arco (Italy)"]
[Date "2007.10.22"]
[Round "3"]
[White "Margarius Leonid (UKR)"]
[Black "Mombelli Antonio (ITA)"]
[Result "1-0"]
[WhiteElo "2232"]
[BlackElo "1836"]

1.d4 d5 2.c4 c6 3.Nf3 Nf6 4.Nc3 dxc4 5.a4 Na6 6.e4 Bg4 7.Bxc4 e6 8.e5 Nd5
9.Nxd5 exd5 10.Be2 Bb4+ 11.Bd2 Qa5 12.Bxb4 Qxb4+ 13.Qd2 Qxd2+ 14.Kxd2 Nc7
15.h3 Bf5 16.Nh4 Bd7 17.f4 Ne6 18.Ke3 g6 19.Nf3 Ng7 20.g4 h5 21.Nd2 hxg4
22.hxg4 Ke7 23.Nb3 Ne6 24.f5 Ng5 25.f6+ {#r} 1-0

[Event "It (open)"]
[Site "masterchessopen.com – Bad Wiessee (Germany)"]
[Date "2007.11.15"]
[Round "6"]
[White "Bykhovsky Avigdor (RUS)"]
[Black "Reefschlaeger Helmut Dr (GER)"]
[Result "1-0"]
[WhiteElo "2435"]
[BlackElo "2297"]

1.d4 d5 2.c4 c6 3.Nf3 Nf6 4.Nc3 dxc4 5.a4 Na6 6.e3 Bg4 7.Bxc4 e6 8.h3 Bh5
9.O-O Nb4 10.Qe2 Be7 11.Rd1 O-O 12.g4 Bg6 13.Ne5 a6 14.e4 c5 15.d5 exd5
16.Nxg6 hxg6 17.e5 Ne8 18.Nxd5 Nxd5 19.Bxd5 Qc8 20.Qe4 Ra7 21.Qxg6 Nc7 22.Bh6
{#r} 1-0

[Event "It (a)"]
[Site "masterchessopen.com – Coulsdon (England)"]
[Date "2007.12.19"]
[Round "4"]
[White "Heinis Vincent (FRA)"]
[Black "Lalic Bogdan (ENG)"]
[Result "0-1"]
[WhiteElo "2202"]
[BlackElo "2500"]

1.d4 d5 2.c4 c6 3.Nf3 Nf6 4.Nc3 dxc4 5.a4 Na6 6.e3 Bg4 7.Bxc4 e6 8.h3 Bh5 9.g4
Bg6 10.Ne5 Nb4 11.O-O Nd7 12.Nxg6 hxg6 13.Kg2 a6 14.a5 b5 15.axb6 Nxb6 16.Be2
Be7 17.Bd2 O-O 18.Na2 Nxa2 19.Rxa2 Qd5+ {#R} 0-1

[Event "Ch England (team) 2007/08 (3 div)"]
[Site "masterchessopen.com – England"]
[Date "2008.03.01"]
[Round "7"]
[White "Almond Richard (ENG)"]
[Black "Munson Shaun D (ENG)"]
[Result "1-0"]
[WhiteElo "2138"]
[BlackElo "2168"]

1.d4 d5 2.c4 c6 3.Nf3 Nf6 4.Nc3 dxc4 5.a4 Na6 6.e4 Be6 7.Ne5 Qa5 8.Bd2 Qb6
9.d5 cxd5 10.exd5 Nxd5 11.Bxc4 Nxc3 12.Bxc3 Nc7 13.a5 Qd6 14.Qa4+ Bd7 15.Nxd7
O-O-O 16.Rd1 Qf4 17.O-O e6 18.Be5 Qe4 19.Bxe6 Qxa4 20.Nb6+ {#r} 1-0

[Event "Ch Mecklenburg Vorpommern"]
[Site "masterchessopen.com – Nakenstorf (Germany)"]
[Date "2008.03.20"]
[Round "2"]
[White "Knuth Hannes (GER)"]
[Black "Schoenrock Ruediger (GER)"]
[Result "0-1"]
[WhiteElo "2260"]
[BlackElo "2084"]

1.d4 d5 2.c4 c6 3.Nc3 Nf6 4.Nf3 dxc4 5.a4 Na6 6.e3 Be6 7.Ng5 Qd7 8.Nxe6 Qxe6
9.Ne2 Nb4 10.Nf4 Qf5 11.Bxc4 Nc2+ 12.Ke2 Nxa1 13.Bd3 Qd7 14.Bd2 g5 {#R} 0-1

[Event "Ch Catalunia (juniors) (under 20)"]
[Site "masterchessopen.com – Catalunia (Spain)"]
[Date "2008.03.24"]
[Round "8"]
[White "Alonso Rosell Alvar (ESP)"]
[Black "Khaidorov Viacheslav (ESP)"]
[Result "1-0"]
[WhiteElo "2416"]
[BlackElo "2232"]

1.d4 d5 2.c4 c6 3.Nf3 Nf6 4.Nc3 dxc4 5.a4 Na6 6.e4 Bg4 7.Bxc4 Bxf3 8.gxf3 e6
9.Be3 Be7 10.O-O O-O 11.Kh1 Kh8 12.Rg1 Nb4 13.f4 c5 14.dxc5 Qc7 15.e5 Nd7
16.Ne4 Nxc5 17.Bxc5 Bxc5 18.Rc1 b6 19.Qf3 Rad8 20.Be2 Qb7 21.Qg2 Rg8 22.Bf3
Qe7 23.Rc3 Nd3 24.Qg3 Rd4 25.Be2 Nb4 26.Nf6 g6 27.Qh4 Rg7 28.Rh3 h5 {#r} 1-0

[Event "It (open)"]
[Site "masterchessopen.com – Galapagar (Spain)"]
[Date "2009.07.20"]
[Round "3"]
[White "Candela Perez Jose (ESP)"]
[Black "Arbunic Castro Giovanna B (CHI)"]
[Result "1-0"]
[WhiteElo "2408"]
[BlackElo "2105"]

1.d4 d5 2.c4 c6 3.Nf3 Nf6 4.Nc3 dxc4 5.a4 Na6 6.e4 Bg4 7.Bxc4 Bxf3 8.Qxf3 Qxd4
9.Bxa6 bxa6 10.O-O e6 11.Rd1 Qb6 12.Qg3 g6 13.Be3 Qb7 14.Qe5 Bg7 15.Qd6 Bf8
16.Qd4 Qe7 17.Bg5 e5 18.Qc4 {#r} 1-0

[Event "It (open)"]
[Site "masterchessopen.com – Porto San Giorgio (Italy)"]
[Date "2009.08.28"]
[Round "8"]
[White "Farago Ivan (HUN)"]
[Black "Eperjesi Laszlo Dr (HUN)"]
[Result "1-0"]
[WhiteElo "2511"]
[BlackElo "2250"]

1.d4 d5 2.c4 c6 3.Nf3 Nf6 4.Nc3 dxc4 5.a4 Na6 6.e4 Bg4 7.Bxc4 e6 8.Be3 Bb4
9.Qc2 Bxf3 10.gxf3 Qa5 11.O-O O-O 12.Kh1 e5 13.Rg1 exd4 14.Bxd4 Qh5 15.Rxg7+
Kxg7 16.Rg1+ Qg6 17.e5 Nh5 18.e6+ f6 19.Qf5 {#r} 1-0

[Event "Tournament (Elo)"]
[Site "masterchessopen.com – Rio de Janeiro (Brazil)"]
[Date "2009.10.10"]
[Round "4"]
[White "Brunner Alfonso (ESP)"]
[Black "Viana Dirceu (BRA)"]
[Result "0-1"]
[WhiteElo "2045"]
[BlackElo "2300"]

1.d4 d5 2.c4 c6 3.Nc3 Nf6 4.Nf3 dxc4 5.a4 Na6 6.e4 Bg4 7.Bxc4 e6 8.O-O Be7
9.d5 exd5 10.exd5 Nb4 11.Bg5 cxd5 12.Bb5+ Nc6 13.Bxf6 Bxf6 14.Re1+ Be6 15.Nxd5
Bxb2 16.Ra2 O-O 17.Rxb2 Bxd5 18.Bd3 Qf6 19.Rb5 Bxf3 20.Qxf3 Qxf3 21.gxf3 Nd4
{#R} 0-1

[Event "Ch Chess Club"]
[Site "masterchessopen.com – Reykjavik (Iceland)"]
[Date "2009.10.11"]
[Round "8"]
[White "Gretarsson Hjorvar Stein (ISL)"]
[Black "Fridjonsson Julius (ISL)"]
[Result "1-0"]
[WhiteElo "2320"]
[BlackElo "2216"]

1.d4 d5 2.c4 c6 3.Nf3 Nf6 4.Nc3 dxc4 5.a4 Na6 6.e3 Bg4 7.Bxc4 e6 8.O-O Be7
9.h3 Bh5 10.Be2 O-O 11.a5 c5 12.Qa4 cxd4 13.exd4 Nd5 14.Bd2 Nab4 15.Rac1 Rc8
16.Rfd1 Rc7 17.Ne4 {#r} 1-0

[Event "Ch Belgium (team) 2009/10"]
[Site "masterchessopen.com – Belgium"]
[Date "2010.01.24"]
[Round "7"]
[White "Van Der Stricht Geert (BEL)"]
[Black "Eliet Nicolas (FRA)"]
[Result "1-0"]
[WhiteElo "2392"]
[BlackElo "2410"]

1.d4 d5 2.c4 c6 3.Nf3 Nf6 4.Nc3 dxc4 5.a4 Na6 6.e4 Bg4 7.Bxc4 Bxf3 8.gxf3 e6
9.O-O Nb4 10.Kh1 Be7 11.Rg1 g6 12.Bh6 Qd7 13.Qd2 O-O-O 14.Rgd1 Ne8 15.a5 Nd6
16.Bf1 f5 17.a6 b6 18.Be3 Nf7 19.Bc4 h6 20.Qe2 Bd6 21.d5 exd5 22.exd5 c5 23.f4
g5 24.Qd2 Qe7 25.Re1 Qf6 26.Nb5 Bb8 27.Bd4 cxd4 28.Re6 Qg7 29.Qxb4 gxf4 30.Qe7
{#r} 1-0

[Event "It (open)"]
[Site "masterchessopen.com – Di Roseto (Italy)"]
[Date "2010.06.06"]
[Round "3"]
[White "Porat Maya (ISR)"]
[Black "Sautto Alessandra (ITA)"]
[Result "1-0"]
[WhiteElo "2221"]
[BlackElo "1955"]

1.d4 d5 2.c4 c6 3.Nf3 Nf6 4.Nc3 dxc4 5.a4 Na6 6.e3 Bg4 7.Bxc4 e6 8.O-O Nb4
9.a5 Be7 10.Be2 O-O 11.Ne5 Bxe2 12.Qxe2 Qc7 13.e4 Nd7 14.Nf3 Rfe8 15.Bd2 Rad8
16.Rfc1 Qb8 17.Na4 e5 18.Bc3 exd4 19.Nxd4 Bf6 20.Qc4 Ne5 21.Qxb4 Nd3 22.Nxc6
Qf4 23.Qxb7 Qxf2+ 24.Kh1 Nf4 25.Rg1 Rd3 26.Raf1 Nh3 27.gxh3 Qh4 28.Ne7+ {#r}
1-0

[Event "Cup Hope (open)"]
[Site "masterchessopen.com – Nizhnij Novgorod (Russia)"]
[Date "2010.08.13"]
[Round "4"]
[White "Markelova Lubov (RUS)"]
[Black "Shilnikov Igor S (RUS)"]
[Result "1-0"]
[WhiteElo "2071"]
[BlackElo "1905"]

1.Nf3 d5 2.d4 Nf6 3.c4 c6 4.Nc3 dxc4 5.a4 Na6 6.e4 Bg4 7.Bxc4 e6 8.O-O Nb4
9.Be3 Be7 10.Qe2 O-O 11.Rfd1 Bh5 12.a5 Bg6 13.Bg5 h6 14.Bh4 Nh5 15.Bxe7 Qxe7
16.Ne5 Nf6 17.Nxg6 fxg6 18.Ra3 Rad8 19.Na4 b5 20.axb6 axb6 21.Nxb6 c5 22.e5
Nfd5 23.Nxd5 Nxd5 24.Qg4 Nf4 25.Ra6 Rf5 26.Bd3 h5 27.Qg3 Nxd3 28.Rxd3 Kh7
29.Rd6 Rdf8 30.f3 {#r} 1-0

[Event "Ch City"]
[Site "masterchessopen.com – Krasnoyarsk (Russia)"]
[Date "2011.02.02"]
[Round "2"]
[White "Pavlov Oleg (RUS)"]
[Black "Volontinas Ivan (RUS)"]
[Result "1-0"]
[WhiteElo "2268"]
[BlackElo "2162"]

1.d4 d5 2.Nf3 Nf6 3.c4 c6 4.Nc3 dxc4 5.a4 Na6 6.e3 Bg4 7.Bxc4 e6 8.h3 Bh5
9.O-O Be7 10.Qe2 Nb4 11.Rd1 O-O 12.g4 Bg6 13.e4 c5 14.Bf4 cxd4 15.Nxd4 Qa5
16.Nb3 Qb6 17.a5 Qc6 18.Bb5 Qc8 19.Rac1 a6 20.Na4 axb5 21.Rxc8 Raxc8 22.Nc3
Rc4 23.f3 {#r} 1-0

[Event "Ch Switzerland (open)"]
[Site "masterchessopen.com – Leukerbad (Switzerland)"]
[Date "2011.07.11"]
[Round "5"]
[White "Hasenohr Benedict (SUI)"]
[Black "Wirthensohn Heinz (SUI)"]
[Result "1-0"]
[WhiteElo "2155"]
[BlackElo "2359"]

1.d4 d5 2.c4 c6 3.Nf3 Nf6 4.Nc3 dxc4 5.a4 Na6 6.e4 Bg4 7.Bxc4 e6 8.O-O Nb4
9.a5 Be7 10.Be3 O-O 11.Qb3 Bxf3 12.gxf3 b5 13.axb6 axb6 14.Rfd1 b5 15.Bf1 Rxa1
16.Rxa1 Qc7 17.Ne2 Qb7 18.d5 c5 19.dxe6 fxe6 20.Bh3 c4 21.Bxe6+ Kh8 22.Qc3 Qc6
23.Nd4 Qd6 24.Bh3 Qe5 25.Nf5 Qxc3 26.bxc3 Nc2 27.Rc1 {#r} 1-0

[Event "Memorial Crespi (open)"]
[Site "masterchessopen.com – Milan (Italy)"]
[Date "2011.12.05"]
[Round "3"]
[White "Rota Giacomo"]
[Black "Battistella Stefano (ITA)"]
[Result "0-1"]
[WhiteElo "2008"]
[BlackElo "2081"]

1.d4 Nf6 2.Nf3 d5 3.c4 c6 4.Nc3 dxc4 5.a4 Na6 6.e3 Bg4 7.Bxc4 e6 8.O-O Be7
9.Bxa6 bxa6 10.Qd3 Bxf3 11.gxf3 a5 12.Rd1 O-O 13.Ne4 Nd5 14.Bd2 Rb8 15.Bc3 Bb4
16.Qc4 Qh4 17.Ng3 f5 18.Qxc6 Rf6 19.Nxf5 Qh3 20.Ng3 Bxc3 21.bxc3 Nxe3 22.fxe3
Rb2 {#R} 0-1

[Event "Ch Europe (seniors) (team)"]
[Site "masterchessopen.com – Rogatska Slatina (Slovenia)"]
[Date "2012.04.02"]
[Round "7"]
[White "Muratoglu Salih (TUR)"]
[Black "Wademark Helge (SWE)"]
[Result "1-0"]
[WhiteElo "2055"]
[BlackElo "2096"]

1.d4 d5 2.c4 c6 3.Nc3 Nf6 4.Nf3 dxc4 5.a4 Na6 6.e4 Bg4 7.Bxc4 e6 8.Be3 Nb4
9.O-O Be7 10.h3 Bh5 11.Be2 Qa5 12.Ne5 Bxe2 13.Qxe2 O-O 14.f4 c5 15.Nc4 Qa6
16.dxc5 Rac8 17.Rf2 Rfd8 18.Nd6 Bxd6 19.cxd6 Nd3 20.e5 Nxf2 21.Kxf2 Qxe2+
22.Kxe2 Nd7 23.Bxa7 b6 24.a5 Ra8 25.axb6 Nc5 26.Nb5 Nb7 27.Rc1 Kf8 28.b4 {#r}
1-0